| 000 | 02152cam a2200589 4500 | ||
|---|---|---|---|
| 003 | PE-LiUPU | ||
| 005 | 20250731180148.0 | ||
| 020 | _a8420010553 | ||
| 035 | _a(Sirsi) i9788420010557 | ||
| 035 | _a(Sirsi) 47956 | ||
| 035 | _a(Sirsi) 47956 | ||
| 041 | _aes | ||
| 044 | _aes | ||
| 082 | 0 | 4 |
_a576.163 _bB35 |
| 100 | 1 | _aBell, Chris | |
| 245 |
_aClostridium botulinu : _buna aproximación práctica al microorganismo y su control en los alimentos / _cChris Bell, Alec Kyriakides ; traducido por Emiliano José Quinto Fernández. |
||
| 264 | 1 |
_aZaragoza, España : _bAcribia, _c2005 |
|
| 300 |
_a277 páginas : _bilustraciones ; _c24 cm. |
||
| 500 | _aClostridium botulinum. a practical approach to the organism and its control in foods | ||
| 505 | 0 | _aAntecedentes -- Los brotes epidemiológicos: causas y lecciones a aprender -- Factores que afectan al crecimiento y a la supervivencia de Clostridium botulinum -- El enfoque de la industria: el control de Clostridium botulinum -- Acción y reacc | |
| 526 | _aSEG44 | ||
| 526 | _aSEG26 | ||
| 526 | _aP159 | ||
| 526 | _aP155 | ||
| 526 | _aP154 | ||
| 526 | _aP153 | ||
| 526 | _aP150 | ||
| 526 | _aP100 | ||
| 526 | _aP31 | ||
| 526 | _aP30 | ||
| 526 | _aP26 | ||
| 526 | _aP25 | ||
| 526 | _aP24 | ||
| 526 | _aP22 | ||
| 526 | _aP15 | ||
| 526 | _aP10 | ||
| 650 | 1 | 4 | _aClostridium botulinum |
| 650 | 1 | 4 | _aMicrobiología de alimentos |
| 650 | 1 | 4 | _aBotulismo |
| 650 | 1 | 4 | _aToxinas botulínicas |
| 650 | 1 | 4 | _aContaminación de alimentos |
| 650 | 1 | 4 | _aControl de alimentos |
| 700 | 1 |
_aQuinto Fernández, Emiliano José _etr. |
|
| 700 | 1 |
_aKyriakides, Alec _ecoaut |
|
| 942 |
_2ddc _cBOOK |
||
| 949 |
_a576.163 B35 _i65801 _lCCODEBUL1 _mBUL _tLIBRO _o.STAFF. Colección General |
||
| 859 |
_q65801 _h576.163 _iB35 |
||
| 910 |
_agl _bjv _clch _d20121129 |
||
| 596 | _a1 | ||
| 999 |
_a576.163 B35 _wDEWEY _c54204 _i65801 _d54204 _e2017-9-24 _f2021-11-9 _g7 _lCCODEBUL1 _mBUL _n6 _p49.00 _q3 _r0 _sY _tBOOK _u2015-7-6 _xINGENIERIA _PP26 _o.STAFF. Colección General |
||
| 980 |
_81 _gALBERTO SANCHEZ Responsable de Automatización |
||